|
|
|
|
| LEADER |
01282cam a2200277 i 4500 |
| 001 |
GR-AiPI-157669 |
| 003 |
GR-PaULI |
| 005 |
20200928161154.0 |
| 008 |
080122s1978 us g eng d |
| 952 |
|
|
|0 0
|1 0
|2 ddc
|4 0
|6 592_520000000000000_PON
|7 0
|9 16856
|a LISA
|b LISA
|c BSC
|d 2016-04-24
|l 0
|o 592.52 PON
|p 026000310544
|r 2016-04-24 00:00:00
|t 1
|v 2016.00
|w 2016-04-24
|y BK15
|
| 999 |
|
|
|c 9226
|d 9226
|
| 020 |
|
|
|a 900386339
|
| 040 |
|
|
|a GR-PaULI
|b gre
|c GR-PaULI
|d GR-AiPI
|e AACR2
|
| 082 |
0 |
4 |
|a 592.52
|2 23
|
| 100 |
1 |
|
|a Pontin, Rosalind M.
|9 19903
|e author.
|
| 245 |
1 |
2 |
|a A key to the freshwater planktonic and semi-planktonic Rotifera of the British isles /
|c by Rosalind M. Pontin.
|
| 260 |
|
|
|a Cumbria [LA] :
|b Freshwater Biological Association,
|c 1978.
|
| 300 |
|
|
|a 178 σ. :
|b εικ. ;
|c 22 εκ.
|
| 490 |
1 |
|
|a Freshwater Biological Association : Scientific Publication
|v 38
|
| 504 |
|
|
|a Περιλαμβάνει βιβλιογραφικές παραπομπές (σ. [165]-173) και ευρετήριο.
|
| 505 |
|
|
|a Ασπόνδυλα-Τροχοφόρα.
|
| 650 |
|
4 |
|a Ζωοπλαγκτόν
|9 183336
|
| 650 |
|
4 |
|a Πλαγκτόν
|9 30103
|
| 830 |
|
0 |
|9 183335
|a Freshwater Biological Association : Scientific Publication
|v 38
|
| 942 |
|
|
|2 ddc
|c BK15
|
| 998 |
|
|
|c ΜΙΧΟΣΤΑΥΡΟΥ
|d 2020-09
|